00387 2200145 4500001002100000005001500021035002000036245007800056100001100134300001200145260005000157082000800207084001400215990001200229INLIS00000000000183320250508011204 a0010-05250001251 aPanduan Pemasyarakatan UUD Negara Republik Indonesia Tahun 1945 /cMPR RI0 aMPR RI a294 hlm aJakarta :bSekretariat Jenderal MPR RI,c2018 a300 a300 MPR p a0754771